Übungsbuch zum Übersetzen aus dem Deutschen und Lateinischen ins Griechische für die Classen des Obergymnasium /

Main Author: Schenkl, Karl, 1827-1900
Language: German
Published: Prag : Tempsky, 1896
Edition: 9. ver. Aufl.
Physical Description: 1 sv.
Book
Saved in:
LEADER 00741nam a2200217 a 4500
001 000691418
003 CZ BrMZK
005 20031016154737.0
007 ta
008 031009s1896 xr f ger d
040 |a BOA001  |b cze  |c BOA001 
100 1 |a Schenkl, Karl,  |d 1827-1900  |7 ola200201383  |4 aut 
245 1 0 |a Übungsbuch zum Übersetzen aus dem Deutschen und Lateinischen ins Griechische für die Classen des Obergymnasium /  |c bearbeitet von Karl Schenkl 
250 |a 9. ver. Aufl. 
260 |a Prag :  |b Tempsky,  |c 1896 
300 |a 1 sv. 
910 |a BOA001  |b 2-0055.060-1896 
964 |a Bohemika - stol. 19. 
990 |a BK 
993 |a Y 
996 6 |b BC-122775  |c 2-0055.060-1896  |l MZK  |r Sklad / do 24 hodin  |n 0  |w 000691418  |u 000010  |a 1  |e BOA001  |j MZK50  |s P